网易云日本流行Top20单曲Netease Music J-Pop Top20 - Statistics

General Stats
  • This quiz has been taken 78 times
  • The average score is 3 of 20
Answer Stats
排名 单曲 % Correct
5 Lemon
83%
7 アイドル
54%
4 群青
44%
20 夜に駆ける
34%
16 怪物
20%
1 One Last Kiss
17%
19 PLANET
13%
14 たぶん
8%
8 ラビットホール
3%
15 老人と海
3%
2 どうして
1%
9 すずめ
1%
10 クリームソーダとシャンデリア
1%
13 春を告げる
1%
17 「僕は」
1%
6 NIGHT DANCER
1%
11 願い~あの頃のきみへ~
0%
12 花曇り
0%
3 4:55
0%
18 Avid
0%
No matching quizzes found
Score Distribution
Percent of People with Each Score
Percentile by Number Answered
Your Score History
You have not taken this quiz